LEADER 00914nam a2200229 i 4500 001 000000250031 003 CaOOAMICUS 005 20160711000000.0 008 160711s1995 it u000 u ita u 013 $a228936 040 $aSeMil$bita 245 10$aFontanesi :$bil poema della natura. 260 $aMilano :$bFabbri,$cstampa 1996. 300 $a16 p., 30 p. di tav. :$bill. ;$c31 cm. 490 0 $aGli impressionisti e la pittura dell'800 650 4$aFontanesi, Antonio <1818-1882>.$0(OLS)http://semarc/subject/24255 830 4$aGli impressionisti e la pittura dell'800.$0(OLS)http://semarc/title/45003 850 $aSeMil 852 $aSeMil$W1$xVenegono$y1$m5F XVI 61$j200377$B200377$CSeMilBibl$Z2$F213288 $81 961 $aOmaggio: Sagramoso Guido 996 $6245$aFontanesi :$bil poema della natura$9(OLS)http://semarc/title/352226 996 $6260$aMilano :$bFabbri$9(OLS)http://semarc/publisher/30054 LEADER 00586nab a2200145 i 4500 001 000000277362 003 CaOOAMICUS 005 20120619000000.0 008 120619n xx uu u0 0und r 013 $a27739 040 $aSeMil$bita 245 10$aPer l'Italia e per la pace. - P. [249]-287 :$b[1] ill. - Titolo dalla prima pagina. 500 $aOttobre 1946. 773 0 $tRinascita.$b[Ristampa anastatica].$dRoma : Reprint Editori Riuniti, 1976 (stampa 1975)$w()213985 996 $6245$aPer l'Italia e per la pace. - P. [249]-287 :$b[1] ill. - Titolo dalla prima pagina.$9(OLS)http://semarc/title/362257